The Employment of women from a perspective of social changes and freedom of women <the> case of Africa

Guardado en:
Detalles Bibliográficos
Autor principal: Savané, Marie Angelique
Formato: Libro
Lenguaje:inglés
Publicado: México Colegio Nacional de Economistas 1980
Etiquetas: Agregar Etiqueta
Sin Etiquetas, Sea el primero en etiquetar este registro!

MARC

LEADER 00000nam a2200000 4500
001 c140561
005 20041019155319.3
041 0 |a eng 
044 |a MX 
245 1 0 |a The Employment of women from a perspective of social changes and freedom of women  |b <the> case of Africa  |c Marie Angelique Savané 
264 1 |a México  |b Colegio Nacional de Economistas  |c 1980 
300 |a 23 s. 
100 1 |a Savané, Marie Angelique